Physicochemical principles of pharmacy (Record no. 44203)

MARC details
003 - CONTROL NUMBER IDENTIFIER
control field DLC
005 - DATE AND TIME OF LATEST TRANSACTION
control field 20260330103318.0
008 - FIXED-LENGTH DATA ELEMENTS--GENERAL INFORMATION
fixed length control field 2023s2023 xx 000 0 eng d
020 ## - INTERNATIONAL STANDARD BOOK NUMBER
International Standard Book Number 9780857111746
040 ## - CATALOGING SOURCE
Original cataloging agency DLC
Language of cataloging eng
050 #4 - LIBRARY OF CONGRESS CALL NUMBER
Classification number RS403.F56 2023
082 04 - DEWEY DECIMAL CLASSIFICATION NUMBER
Classification number 615.19
100 1# - MAIN ENTRY--PERSONAL NAME
Personal name Florence, A. T.-
Relator term author.
245 10 - TITLE STATEMENT
Title Physicochemical principles of pharmacy
Statement of responsibility, etc Florence, A. T. and Attwood, David
250 ## - EDITION STATEMENT
Edition statement 6th ed.
264 #1 - PUBLICATION, DISTRIBUTION, ETC. (IMPRINT)
Name of publisher, distributor, etc Pharmaceutical Press
Date of publication, distribution, etc 2023
300 ## - PHYSICAL DESCRIPTION
Extent xvi, 697 p. : ill.
336 ## - CONTENT TYPE
Source CC
338 ## - CARRIER TYPE
Source CC
650 #0 - SUBJECT ADDED ENTRY--TOPICAL TERM
Topical term or geographic name as entry element Pharmaceutical chemistry
650 #0 - SUBJECT ADDED ENTRY--TOPICAL TERM
Topical term or geographic name as entry element Chemistry, Physical and theoretical
650 #0 - SUBJECT ADDED ENTRY--TOPICAL TERM
Topical term or geographic name as entry element Drugs--Design
650 #0 - SUBJECT ADDED ENTRY--TOPICAL TERM
Topical term or geographic name as entry element Drug delivery systems
650 #0 - SUBJECT ADDED ENTRY--TOPICAL TERM
Topical term or geographic name as entry element Pharmacokinetics
942 ## - ADDED ENTRY ELEMENTS (KOHA)
Source of classification or shelving scheme Library of Congress Classification
Koha item type Books
Holdings
Withdrawn status Lost status Source of classification or shelving scheme Damaged status Not for loan Permanent Location Current Location Date acquired Total Checkouts Full call number Barcode Date last seen Price effective from Koha item type
    Library of Congress Classification     NILE UNIVERSITY OF NIGERIA - MAIN LIBRARY NILE UNIVERSITY OF NIGERIA - MAIN LIBRARY 03/30/2026   RS 403 .F56 2023 0199583 03/30/2026 03/30/2026 Books